000 00633nam a22002177a 4500
003 UA-OsUOA
001 58154
007 ta
008 20090128b un ||||| |||| 00| 0 ukr d
100 _aГусев С.С.
090 _a32
_bГ96
942 _cSA
040 _aUA-OsUOA
_brus
_cUA-OsUOA
_dUA-OsUOA
245 _aГуманитарное познание: от универсальных ценностей к типовому поведению
300 _aС.19-34
955 _a0
041 _arus
080 _a32
773 0 _w58152
_tФилософские науки
_dМ.
_d2008
_g12
650 7 _a32 Політика
_2UDC
999 _c344238
_d344238